000 00498nam a2200181Ia 4500
001 20238
005 20260306172751.0
008 260306t2018||||xx |||||||||||||| ||spa||
041 _aESP
082 _a343
_bS69
100 _aSosa Sacio, Juan Manuel
_eAUT
245 0 _aAcceso a la justicia constitucional:
_bprocedencia del amparo y el recurso de agravio constitucional
260 _c2018
300 _a477 páginas :
_c25 cm.
650 _aGEN
654 _aCDE
942 _cLIB
_dJUS
_fJUS
_2ddc
_n
999 _c20238
_d20238